Women in ancient Egypt :

Saved in:

Main Author: Barbara Watterson. author

Format: Book

Language: Undetermined

Published: England : Wrens Park Pub, 1991.

Subjects:

Tags: Add Tag

No Tags, Be the first to tag this record!

Call Number: HQ1137 .E3 W370

LEADER 00730nam a22002297a 4500
003 OSt
005 20260512070739.0
008 250515s9999||||xx |||||||||||||| ||und||
020 |a 9780905778235 
020 |a 0905778235 
050 1 4 |a HQ1137 .E3  |b W370 
100 1 |a Barbara Watterson.  |d author 
245 1 0 |a  Women in ancient Egypt :   |c Barbara Watterson. 
264 1 |a England :   |b Wrens Park Pub,   |c 1991. 
300 |a 201 page :   |b illustrations (some color) ;   |c 25 cm. 
504 |a Includes bibliographical references (p. [173]-193) and indexes. 
650 4 |a Egypt History To 332 B.C  
650 4 |a Mulheres (vida cotidiana) Egito antigo  
650 4 |a Women  
650 4 |a Women Egypt History  
942 |2 lcc  |c BK 
999 |c 60942  |d 60942